| 000 | 00407nam a22001337a 4500 | ||
|---|---|---|---|
| 020 | _a04711280066 | ||
| 040 | _cNust | ||
| 082 |
_a572.8633 _bAUT |
||
| 100 |
_aTony G beugelsdijk _9125261 |
||
| 245 | _aAutomation technologies for Genome Characterization | ||
| 260 |
_aNew York: _bJohn Wiley and sons Inc, _c1997. |
||
| 650 |
_aAutomation technologies for Genome Characterization _9125262 |
||
| 942 |
_2ddc _cBK |
||
| 999 |
_c611025 _d611025 |
||